000 00719nam a2200229 a 4500
001 54722
003 BD-RjUL
005 20211209080148.0
008 161109s1959 enk||||| |||| 001 0 eng d
035 _a(BD-RjUL)54844
040 _aBD-RjUL
_beng
_cBD-RjUL
041 _aeng
082 _223
_a821.709
_bBLC 1959
100 _a Blackstone, Bernard,
_9133021
245 _aThe Consecrated Urn :
_b an interpretation of Keats in terms of growth and form /
_cBernard Blackstone
250 _a1st, ed.
260 _aLondon :
_bLongmans, Green & Co,
_cc1959.
300 _axv, 426 p. ;
_c21 cm.
500 _aIncludes index
600 _aKeats, John
_d 1795-1821
_xCriticism and interpretation.
_9163518
942 _2ddc
_cBK
999 _c54722
_d54722